=LDR 00000nam 2200000 4500 =001 INLIS000000000055804 =005 20200804090334 =035 ##$$a 0010-0720000108 =007 ta =008 200804################g##########0#ind## =082 ##$$a 2x5.5 =084 ##$$a 2x5.5 LAH m =100 #$$a Lahham, Said Al- =245 1#$$a Mengapa doaku tak terkabul : $b Adab doa mustajab /$c Said Al-Lahham ; Penerjemah, Ahsin Muhammad =260 ##$$a Jakarta :$b Nafas,$c 2007 =300 ##$$a 111 hlm ; $c 14 x 2 cm =700 #$$a Ahsin Muhammad =520 ##$$a Judul asli : Fiqh ad-Du'a =990 ##$$a 20704668/pb.07